[Event "World Blitz Women 2017"]
[Site "Riyadh KSA"]
[Date "2017.12.30"]
[Round "20.16"]
[White "Buksa, Nataliya"]
[Black "Skripchenko, Almira"]
[Result "0-1"]
[WhiteTitle "WGM"]
[BlackTitle "IM"]
[WhiteElo "2385"]
[BlackElo "2403"]
[WhiteFideId "14123622"]
[BlackFideId "13900145"]
[EventDate "2017.12.29"]

1. d4 d6 2. Nc3 Nf6 3. e4 e5 4. Nf3 Nbd7 5. Bc4 Be7 6. O-O O-O 7. Re1 c6 8. a4
a5 9. b3 Nb6 10. Bf1 Nfd7 11. Bb2 Bf6 12. Qd2 Re8 13. Rad1 Qc7 14. g3 Nf8 15.
Bg2 Bg4 16. dxe5 dxe5 17. h3 Bxf3 18. Bxf3 Ne6 19. Ne2 Rad8 20. Qxa5 Nd4 21.
Nxd4 exd4 22. Bg2 c5 23. Ba3 Be7 24. e5 Rc8 25. Qd2 Bf8 26. Qf4 Nd7 27. Qe4 b5
28. axb5 Qa5 29. Bb2 Rxe5 30. b4 Qxb4 31. c3 Qxb2 32. Qb7 Rce8 33. Rxe5 Nxe5 34.
cxd4 cxd4 35. Bd5 Re7 36. Qb8 Qc2 37. Rxd4 Qc5 38. Rd1 h5 39. Kg2 h4 40. b6 hxg3
41. Kxg3 Qc3+ 42. Kg2 Qc2 43. Rd4 Qg6+ 44. Kh2 Qf6 45. Kg2 Qg5+ 46. Kh2 Nd7 47.
Qc7 Nxb6 48. Qxb6 Qe5+ 49. Kg2 Qg5+ 50. Rg4 Qxd5+ 51. Kh2 Qe5+ 52. Kg2 Qd5+ 53.
Kh2 Qd7 54. Qb3 Qc7+ 55. Kg2 Re6 56. Kf1 Qc1+ 57. Kg2 Qc6+ 58. Kh2 Rg6 59. Rxg6
Qxg6 60. Qe3 Bd6+ 61. Kh1 Qe6 62. Qc3 Qe5 63. Qc8+ Kh7 64. Qc2+ g6 65. Kg2 Qd5+
66. Kf1 Qe6 67. Qd3 Kg7 68. Kg2 Be5 69. Kf1 Qf6 70. Kg2 Qf4 71. Kf1 Bd4 72. Ke2
Qxf2+ 73. Kd1 Qe3 74. Qc4 Bf6 75. h4 Qf3+ 76. Kd2 Qf2+ 77. Kd3 Qxh4 78. Qc6 Qf4
79. Ke2 g5 80. Qb7 g4 81. Qc6 g3 82. Qb7 Qf2+ 83. Kd3 g2 84. Qe4 g1=Q 85. Kc4
Qd4+ 0-1

[Event "World Blitz Women 2017"]
[Site "Riyadh KSA"]
[Date "2017.12.30"]
[Round "20.17"]
[White "Charochkina, Daria"]
[Black "Guo, Qi"]
[Result "0-1"]
[WhiteTitle "IM"]
[BlackTitle "IM"]
[WhiteElo "2317"]
[BlackElo "2396"]
[WhiteFideId "4180917"]
[BlackFideId "8604002"]
[EventDate "2017.12.29"]

1. d4 Nf6 2. c4 e6 3. Nc3 Bb4 4. Qc2 d5 5. a3 Bxc3+ 6. Qxc3 O-O 7. e3 b6 8. Nf3
Bb7 9. Be2 Nbd7 10. O-O c5 11. dxc5 Nxc5 12. b4 Nce4 13. Qb3 Rc8 14. Bb2 Qe7 15.
Rac1 h6 16. Rfd1 Rfd8 17. Nd4 dxc4 18. Bxc4 Nd6 19. Bf1 Bd5 20. Qa4 Nc4 21. Ba1
Qb7 22. b5 Na5 23. Qb4 Ne4 24. h3 Nc5 25. Qb2 f6 26. Qe2 Qf7 27. Qg4 f5 28. Qg3
Ne4 29. Qf4 Nc5 30. Nf3 Nab3 31. Rb1 Be4 32. Ne5 Qc7 33. Rxd8+ Qxd8 34. Re1 Qd2
35. Nf3 Bxf3 36. Qe5 Nxa1 37. Qxa1 Bd5 38. Rd1 Qc2 39. Rc1 Qe4 40. Qc3 Rd8 41.
Rd1 Qa4 42. Rd4 Qb3 43. Qd2 Ne4 44. Qc1 Nc3 45. Rd3 Rc8 46. Qd2 Ne4 47. Qe1 Qb2
48. Rd1 Rc2 49. Rb1 Qc3 50. Qd1 Qd2 51. Qxd2 Nxd2 52. Re1 Nxf1 53. Kxf1 Kf7 54.
Rd1 Ke7 55. Rd4 Rc5 56. Ra4 Rc7 57. f3 Bc4+ 58. Kf2 Bxb5 59. Rh4 a5 60. g4 Kf6
61. gxf5 exf5 62. Rd4 Rd7 63. Rf4 g5 0-1

[Event "World Blitz Women 2017"]
[Site "Riyadh KSA"]
[Date "2017.12.30"]
[Round "20.18"]
[White "Belenkaya, Dina"]
[Black "Saduakassova, Dinara"]
[Result "0-1"]
[WhiteTitle "WGM"]
[BlackTitle "IM"]
[WhiteElo "2303"]
[BlackElo "2460"]
[WhiteFideId "24142654"]
[BlackFideId "13700090"]
[EventDate "2017.12.29"]

1. e4 c5 2. Nf3 e6 3. g3 Nc6 4. Bg2 g6 5. d4 d6 6. d5 Nce7 7. dxe6 Bxe6 8. O-O
Qd7 9. Nc3 Bg7 10. Bf4 O-O-O 11. Qe2 Bh6 12. Rfd1 Bxf4 13. gxf4 Nc6 14. Nb5 Qe7
15. e5 d5 16. Nd6+ Kb8 17. c4 d4 18. Ng5 Na5 19. b3 Nh6 20. Nge4 Nf5 21. Nxc5
Nxd6 22. exd6 Qxd6 23. Qe5 Qxe5 24. fxe5 Bf5 25. Rac1 Rhe8 26. f4 g5 27. b4 Nc6
28. Bxc6 bxc6 29. Nb3 d3 30. Na5 Kc7 31. c5 gxf4 32. Nc4 Rd4 33. Rd2 Rg8+ 34.
Kf2 Be4 35. Kf1 Bd5 36. Nd6 f3 37. Rcd1 Rdg4 38. Rxd3 Rg1+ 39. Kf2 R8g2+ 40. Ke3
Re2+ 41. Kf4 f2 42. Ne8+ Kb8 43. Rxd5 cxd5 44. c6 f1=Q+ 45. Rxf1 Rxf1+ 46. Kg5
Rg2+ 47. Kh6 Rh1 48. c7+ Kc8 49. Nd6+ Kxc7 50. Nb5+ Kb6 51. Nd4 Rhxh2# 0-1

[Event "World Blitz Women 2017"]
[Site "Riyadh KSA"]
[Date "2017.12.30"]
[Round "20.20"]
[White "Huang, Qian"]
[Black "Zawadzka, Jolanta"]
[Result "1-0"]
[WhiteTitle "WGM"]
[BlackTitle "WGM"]
[WhiteElo "2438"]
[BlackElo "2424"]
[WhiteFideId "8602689"]
[BlackFideId "1122320"]
[EventDate "2017.12.29"]

1. d4 d5 2. Nf3 Nf6 3. c4 e6 4. Nc3 Bb4 5. Qa4+ Nc6 6. e3 O-O 7. Bd2 dxc4 8.
Bxc4 a6 9. Qc2 Bd6 10. e4 e5 11. d5 Nd4 12. Nxd4 exd4 13. Ne2 Re8 14. Bd3 c5 15.
dxc6 bxc6 16. Nxd4 c5 17. Ne2 Bb7 18. f3 Nd7 19. Bc4 Ne5 20. O-O-O Qb6 21. Nf4
Nxc4 22. Qxc4 Be5 23. Nd3 Bd4 24. Bc3 a5 25. Bxd4 cxd4 26. Kb1 Ba6 27. Qb3 Qa7
28. Qa4 Rab8 29. Nf4 Red8 30. Nd5 Bb5 31. Qxd4 Qb7 32. Qc3 h6 33. g4 Rdc8 34.
Qa3 Kh8 35. h4 Bc4 36. g5 Bxd5 37. exd5 Qd7 38. gxh6 g6 39. Qd3 Kh7 40. h5 Rb6
41. hxg6+ fxg6 42. Qd4 Rcb8 43. Rh2 Qf5+ 44. Ka1 R6b7 45. a3 Qf7 46. Re2 Qxf3
47. Rde1 Qf7 48. d6 Qf5 49. Re7+ Kxh6 50. Qh4+ Qh5 51. Qf4+ g5 52. R1e6+ 1-0

[Event "World Blitz Women 2017"]
[Site "Riyadh KSA"]
[Date "2017.12.30"]
[Round "20.21"]
[White "Batsiashvili, Nino"]
[Black "Zatonskih, Anna"]
[Result "1-0"]
[WhiteTitle "IM"]
[BlackTitle "IM"]
[WhiteElo "2502"]
[BlackElo "2452"]
[WhiteFideId "13602993"]
[BlackFideId "14101572"]
[EventDate "2017.12.29"]

1. d4 d5 2. Bf4 Nf6 3. e3 c5 4. c3 Nc6 5. Nd2 Bf5 6. Qb3 Qc8 7. Ngf3 e6 8. Nh4
Bg4 9. h3 Bh5 10. g4 Bg6 11. Nxg6 hxg6 12. Bg2 Be7 13. O-O O-O 14. Bg3 Qd7 15.
dxc5 Bxc5 16. e4 d4 17. Rad1 e5 18. Kh1 g5 19. Rfe1 Qe7 20. Nf3 Nd7 21. h4 gxh4
22. Bxh4 Qd6 23. g5 g6 24. Bg3 Kg7 25. Kg1 f6 26. gxf6+ Rxf6 27. cxd4 Nxd4 28.
Nxd4 Bxd4 29. Rxd4 Qxd4 30. Rd1 Nc5 31. Rxd4 Nxb3 32. Rd7+ Kh6 33. axb3 Re6 34.
Rxb7 Rd8 35. Rxa7 Kg5 36. Rb7 Rd1+ 37. Bf1 Rb1 38. Kg2 Rxb2 39. Bc4 Re8 40. Rb5
Kf6 41. Rb6+ Kg5 42. Bf7 Rf8 43. Rxg6+ Kh5 44. Rf6+ Kg5 45. Rf5+ Kh6 46. Bxe5
Rc2 47. Rh5# 1-0

[Event "World Blitz Women 2017"]
[Site "Riyadh KSA"]
[Date "2017.12.30"]
[Round "20.22"]
[White "Arakhamia-Grant, Ketevan"]
[Black "Mammadova, Gulnar"]
[Result "0-1"]
[WhiteTitle "GM"]
[BlackTitle "IM"]
[WhiteElo "2350"]
[BlackElo "2357"]
[WhiteFideId "13600168"]
[BlackFideId "13403508"]
[EventDate "2017.12.29"]

1. e4 g6 2. d4 Bg7 3. Nc3 c6 4. Be3 d5 5. Nf3 dxe4 6. Nxe4 Nf6 7. Nxf6+ exf6 8.
Qd2 O-O 9. Bc4 Nd7 10. O-O-O b5 11. Bb3 a5 12. a3 Nb6 13. h4 h5 14. Nh2 f5 15.
Nf3 Nd5 16. Bg5 Qd6 17. Rhe1 Be6 18. Ne5 f6 19. Nxg6 fxg5 20. Nxf8 Rxf8 21. Qxg5
a4 22. Ba2 Bf7 23. Kb1 b4 24. axb4 Qxb4 25. Bxd5 Bxd5 26. Re7 Bf7 27. Re3 Rb8
28. b3 axb3 29. Rxb3 Bxb3 0-1

[Event "World Blitz Women 2017"]
[Site "Riyadh KSA"]
[Date "2017.12.30"]
[Round "20.23"]
[White "Berend, Elvira"]
[Black "Vo, Thi Kim Phung"]
[Result "1/2-1/2"]
[WhiteTitle "WGM"]
[BlackTitle "WGM"]
[WhiteElo "2303"]
[BlackElo "2380"]
[WhiteFideId "4000510"]
[BlackFideId "12401838"]
[EventDate "2017.12.29"]

1. e4 e6 2. d3 d5 3. Nd2 Nf6 4. Ngf3 c5 5. g3 Nc6 6. Bg2 Be7 7. O-O O-O 8. Qe2
b6 9. e5 Nd7 10. c3 Ba6 11. Re1 Rc8 12. Nf1 Re8 13. h4 f6 14. exf6 Bxf6 15. Ng5
Nde5 16. Rd1 h6 17. Nh3 Nxd3 18. Rxd3 Ne5 19. Nf4 g5 20. hxg5 hxg5 21. Qh5 gxf4
22. Rd1 fxg3 23. Nxg3 Bg7 24. Bg5 Qc7 25. Re1 Qf7 26. Qxf7+ Nxf7 27. Bd2 Rcd8
28. Nh5 e5 29. Re3 Kf8 30. Rg3 Bh6 31. Bxh6+ Nxh6 32. Re1 e4 33. Rg6 Nf7 34. Nf4
Rd7 35. Bh3 Rde7 36. Nxd5 Re5 37. Nf6 Rd8 38. Nd7+ Rxd7 39. Bxd7 Ke7 40. Bg4 Bd3
41. Rg8 Kf6 42. Be2 c4 43. Kg2 Ng5 44. Bg4 Nf7 45. Rh1 e3 46. fxe3 Rxe3 47. Kf2
Re4 48. Bf3 Rf4 49. Ke3 Rf5 50. Re8 Nd6 51. Rh6+ Kf7 52. Rxd6 Kxe8 53. Rc6 Ra5
54. a3 Rb5 55. Rc8+ Kd7 56. Bc6+ Kxc8 57. Bxb5 Kc7 58. Kd4 Kd6 59. Bxc4 Bf5 60.
b4 Bd7 61. Bd3 Ba4 62. c4 a5 63. c5+ bxc5+ 64. bxc5+ Kc7 65. Be4 Bb3 66. Kc3 Be6
67. Bf3 Bf7 68. Kd4 Bb3 69. Bd5 Bd1 70. Kc4 Be2+ 71. Kb3 Bd1+ 72. Kc4 Be2+ 73.
Kd4 Bd1 74. Ke5 Bc2 75. Be4 Bb3 76. Bf3 Ba2 77. Kd4 Bb3 78. Be4 Ba2 79. Bd3 Bb3
80. Bc4 Bd1 81. Bb5 Bb3 82. Ke5 Ba2 83. Ba4 Bc4 84. Kd4 Ba2 85. c6 Kb6 86. Ke5
Kc7 87. Bb5 Bb3 88. Kd4 Kb6 89. a4 Bf7 90. Ke5 Kc7 91. Kf6 Be8 92. Ke5 Bxc6 93.
Bxc6 Kxc6 1/2-1/2

[Event "World Blitz Women 2017"]
[Site "Riyadh KSA"]
[Date "2017.12.30"]
[Round "20.24"]
[White "Harika, Dronavalli"]
[Black "Papp, Petra"]
[Result "1-0"]
[WhiteTitle "GM"]
[BlackTitle "WGM"]
[WhiteElo "2504"]
[BlackElo "2313"]
[WhiteFideId "5015197"]
[BlackFideId "739049"]
[EventDate "2017.12.29"]

1. c4 g6 2. Nc3 c5 3. g3 Bg7 4. Bg2 Nc6 5. e4 d6 6. Nge2 e6 7. d3 Nge7 8. Be3
Nd4 9. O-O O-O 10. Qd2 Nec6 11. Bh6 Nxe2+ 12. Nxe2 Nd4 13. Nxd4 cxd4 14. Bxg7
Kxg7 15. f4 e5 16. Rf2 Qe7 17. Raf1 Rb8 18. h4 b5 19. cxb5 Rxb5 20. a4 Rc5 21.
h5 Bg4 22. f5 f6 23. fxg6 hxg6 24. hxg6 Kxg6 25. Bf3 Qe6 26. Qe2 Bxf3 27. Rxf3
Qh3 28. Qf2 f5 29. g4 Qh6 30. Rxf5 Rxf5 31. Qxf5+ Kg7 32. Qf7+ Kh8 33. Qe8+ Kh7
34. Rf7+ Kg6 35. Qe6+ Kg5 36. Rf5+ Kh4 37. Qxh6+ 1-0

[Event "World Blitz Women 2017"]
[Site "Riyadh KSA"]
[Date "2017.12.30"]
[Round "20.25"]
[White "Gevorgyan, Maria"]
[Black "Voit, Daria"]
[Result "0-1"]
[WhiteTitle "WIM"]
[BlackTitle "FM"]
[WhiteElo "2275"]
[BlackElo "2390"]
[WhiteFideId "13300270"]
[BlackFideId "4182146"]
[EventDate "2017.12.29"]

1. e4 c5 2. Nc3 Nc6 3. Bb5 Nd4 4. Bc4 g6 5. Nf3 Bg7 6. Nxd4 cxd4 7. Qf3 e6 8.
Nb5 Be5 9. c3 dxc3 10. d4 a6 11. dxe5 axb5 12. Bb3 Qc7 13. Qxc3 Qxc3+ 14. bxc3
Ne7 15. f4 Nc6 16. Bc2 g5 17. g3 gxf4 18. gxf4 Rg8 19. Kf2 Ke7 20. Be3 d6 21.
exd6+ Kxd6 22. e5+ Ke7 23. Bxh7 Rh8 24. Bd3 Bd7 25. Bc5+ Ke8 26. h4 Ne7 27. h5
Nd5 28. Be4 Bc6 29. Bxd5 Bxd5 30. a3 Bxh1 31. Rxh1 Rc8 32. Bb4 Rc4 33. Kf3 Rh6
34. Kg4 f6 35. Rf1 Kf7 36. Bd6 Rc8 37. exf6 Kxf6 38. Be5+ Kf7 39. Kh4 Rg8 40.
Rd1 Ke8 41. Rd6 Rg1 42. f5 Rh1+ 43. Kg4 R1xh5 44. Rxe6+ Rxe6 45. Kxh5 Rxe5 46.
Kg6 Kf8 47. Kf6 Rc5 0-1

[Event "World Blitz Women 2017"]
[Site "Riyadh KSA"]
[Date "2017.12.30"]
[Round "20.26"]
[White "Munguntuul, Batkhuyag"]
[Black "Socko, Monika"]
[Result "1-0"]
[WhiteTitle "IM"]
[BlackTitle "GM"]
[WhiteElo "2397"]
[BlackElo "2471"]
[WhiteFideId "4900758"]
[BlackFideId "1106619"]
[EventDate "2017.12.29"]

1. e4 e6 2. d4 d5 3. Nc3 Bb4 4. e5 Ne7 5. Bd2 b6 6. a3 Bxc3 7. Bxc3 Ba6 8. Bxa6
Nxa6 9. Qd3 Nb8 10. O-O-O Qd7 11. Ne2 O-O 12. g4 c5 13. f4 Nbc6 14. Rdf1 Rac8
15. f5 cxd4 16. Bxd4 Qc7 17. Bc3 Nxe5 18. Qg3 Nc4 19. f6 Qxg3 20. Nxg3 gxf6 21.
Nh5 e5 22. Nxf6+ Kg7 23. Nd7 f6 24. Nxf8 Rxf8 25. g5 d4 26. gxf6+ Rxf6 27. Bb4
Ng6 28. b3 Ne3 29. Rxf6 Kxf6 30. Kd2 Nh4 31. Kd3 Kf5 32. Bd2 Ng4 33. Rf1+ Ke6
34. c3 Nxh2 35. Rh1 N2f3 36. cxd4 exd4 37. Be1 Ng2 38. Bg3 Ne3 39. Rxh7 Nf5 40.
Bf4 Ne1+ 41. Ke2 Ng2 42. Bh2 Nge3 43. Rxa7 Ng4 44. Bf4 Kd5 45. Rb7 Ke4 46. Bc1
d3+ 47. Kd2 Nge3 48. Rxb6 Nd4 49. Rb4 Nf1+ 50. Ke1 Ng3 51. Bb2 Nf5 52. Bxd4 Nxd4
53. Rxd4+ Kxd4 54. Kd2 1-0

[Event "World Blitz Women 2017"]
[Site "Riyadh KSA"]
[Date "2017.12.30"]
[Round "20.27"]
[White "Galojan, Lilit"]
[Black "Batchimeg, Tuvshintugs"]
[Result "1-0"]
[WhiteTitle "IM"]
[BlackTitle "IM"]
[WhiteElo "2300"]
[BlackElo "2398"]
[WhiteFideId "13301314"]
[BlackFideId "4900839"]
[EventDate "2017.12.29"]

1. c4 e5 2. Nc3 Nc6 3. Nf3 f5 4. d4 e4 5. Ng5 h6 6. Nh3 Qf6 7. Nd5 Bb4+ 8. Nxb4
Nxb4 9. Bd2 Nc6 10. Bc3 Nge7 11. d5 Ne5 12. e3 d6 13. Be2 O-O 14. Nf4 Bd7 15. h4
Kh7 16. h5 Qg5 17. g3 b6 18. Qd4 Qf6 19. b3 a5 20. a4 Rae8 21. O-O-O Ng8 22. Kb2
Qe7 23. Rh4 Nf6 24. Qd2 Nf3 25. Bxf3 exf3 26. Qd4 Rf7 27. Rhh1 Ne4 28. Rh2 Qe5
29. Ng6 Qxd4 30. Bxd4 Ng5 31. Nf4 Ne4 32. Kc2 Ree7 33. Kd3 Ng5 34. Rc1 Be8 35.
Kd2 Ne4+ 36. Kd3 Ng5 37. Kd2 Re4 38. Bb2 Rfe7 39. Nd3 Rg4 40. Nf4 Ne4+ 41. Kd3
Ng5 42. Bc3 Ne4 43. Bd4 Ng5 44. Ra1 Ne4 45. Bc3 Bf7 46. Be1 Nf6 47. Bc3 Nd7 48.
Kc2 Nc5 49. Bd4 Re4 50. Kc3 Re7 51. Kc2 Ne4 52. Kd3 Nc5+ 53. Kc2 Ne4 54. Bc3
Nxf2 55. Rxf2 Rxg3 56. Bd4 g5 57. hxg6+ Bxg6 58. Raf1 Bf7 59. Rxf3 Rg4 60. Rh3
Re8 61. Rfh1 h5 62. Nxh5 Rg2+ 63. Kc3 1-0

[Event "World Blitz Women 2017"]
[Site "Riyadh KSA"]
[Date "2017.12.30"]
[Round "20.28"]
[White "Girya, Olga"]
[Black "Cornette, Deimante"]
[Result "1-0"]
[WhiteTitle "WGM"]
[BlackTitle "IM"]
[WhiteElo "2484"]
[BlackElo "2439"]
[WhiteFideId "4195752"]
[BlackFideId "12802859"]
[EventDate "2017.12.29"]

1. d4 d5 2. c4 e6 3. Nc3 Bb4 4. e3 Nf6 5. a3 Bxc3+ 6. bxc3 c6 7. Bd3 O-O 8. Nf3
b6 9. cxd5 cxd5 10. a4 Ba6 11. Ba3 Re8 12. Ne5 Bxd3 13. Qxd3 Nbd7 14. c4 Nxe5
15. dxe5 Nd7 16. Bd6 Nc5 17. Bxc5 bxc5 18. O-O Qc7 19. cxd5 exd5 20. Qxd5 Rad8
21. Qc4 Rxe5 22. Rfd1 h6 23. g3 Rxd1+ 24. Rxd1 Re8 25. Rd5 Rc8 26. e4 Qe7 27. e5
Qe6 28. f4 Qg6 29. Kg2 Qc6 30. Qe4 c4 31. Rd8+ Rxd8 32. Qxc6 Rd2+ 33. Kf3 Rc2
34. Qa8+ Kh7 35. Qe4+ 1-0

[Event "World Blitz Women 2017"]
[Site "Riyadh KSA"]
[Date "2017.12.30"]
[Round "20.29"]
[White "Khukhashvili, Sopiko"]
[Black "Charkhalashvili, Inga"]
[Result "0-1"]
[WhiteTitle "IM"]
[BlackTitle "WGM"]
[WhiteElo "2312"]
[BlackElo "2355"]
[WhiteFideId "13602055"]
[BlackFideId "13601431"]
[EventDate "2017.12.29"]

1. b4 d5 2. Bb2 c6 3. Nf3 Nf6 4. g3 g6 5. Bg2 Bg7 6. O-O O-O 7. d3 a5 8. a3 axb4
9. axb4 Rxa1 10. Bxa1 Qb6 11. Qd2 Na6 12. c3 Nd7 13. Bb2 c5 14. bxc5 Naxc5 15.
Qc2 Qa6 16. Nbd2 Qa4 17. Rc1 b5 18. Nd4 e6 19. Qxa4 bxa4 20. Ba3 Ba6 21. Nc6 Ra8
22. c4 Bb7 23. Ne7+ Kf8 24. cxd5 Kxe7 25. d6+ Kd8 26. Bxb7 Nxb7 27. Ne4 Na5 28.
Ng5 Ke8 29. Rc7 Rd8 30. Ra7 Nc6 31. Rxa4 h6 32. Ne4 f5 33. Nd2 Bc3 34. Nc4 Nce5
35. Kg2 Nxc4 36. dxc4 Nb6 37. Ra7 Nxc4 38. Re7+ Kf8 39. Bc5 Bf6 40. Rxe6 Kf7 41.
Re3 Nxd6 42. Rd3 Nb7 43. Rxd8 Nxd8 44. e3 Ne6 45. Bb4 Nc7 46. Bd6 Nd5 47. h4 Bg7
48. Bc5 Ke6 49. Kf3 Nc3 50. Bd4 Bxd4 51. exd4 Nd5 52. g4 h5 53. g5 Kd6 54. Ke2
Nb4 55. Ke3 Kd5 56. f3 Nc2+ 57. Kf4 Kxd4 58. Kg3 Ke3 59. f4 Ke4 60. Kf2 Kxf4 61.
Ke2 Kg3 62. Kd3 f4 63. Kxc2 f3 64. Kd3 f2 65. Ke2 Kg2 66. Ke3 f1=Q 0-1

[Event "World Blitz Women 2017"]
[Site "Riyadh KSA"]
[Date "2017.12.30"]
[Round "20.30"]
[White "Karavade, Eesha"]
[Black "Nakhbayeva, Guliskhan"]
[Result "0-1"]
[WhiteTitle "IM"]
[BlackTitle "WGM"]
[WhiteElo "2384"]
[BlackElo "2314"]
[WhiteFideId "5012600"]
[BlackFideId "13704788"]
[EventDate "2017.12.29"]

1. Nf3 Nf6 2. c4 e6 3. g3 d5 4. b3 Be7 5. Bg2 O-O 6. O-O b6 7. Bb2 Bb7 8. e3 c5
9. Nc3 dxc4 10. bxc4 Nc6 11. Qe2 a6 12. Rfd1 Qc7 13. Rac1 Rac8 14. d3 Rfd8 15.
Nh4 h6 16. f4 Rd7 17. Nf3 Rcd8 18. Ne1 Nb4 19. Bxb7 Qxb7 20. a3 Nc6 21. Nf3 b5
22. cxb5 axb5 23. Ne1 Na5 24. Qg2 Qxg2+ 25. Kxg2 Ng4 26. Kf3 Nxh2+ 27. Ke2 b4
28. axb4 cxb4 29. Ne4 Ng4 30. Ra1 Nb3 31. Ra6 Nc5 32. Nxc5 Bxc5 33. d4 Be7 34.
Nd3 Rb7 35. Rc1 Nf6 36. Kf3 h5 37. Rac6 Kh7 38. Rc7 Rd7 39. Rxd7 Nxd7 40. e4 Ra7
41. Rc6 h4 42. gxh4 Bxh4 43. Nxb4 Rb7 44. Nd3 Rb3 45. Rc3 Rb7 46. Rc6 Nb6 47.
Ba3 Na4 48. Bd6 Rb3 49. Ke3 Nb2 50. Kd2 Nxd3 51. Rc7 f5 52. exf5 exf5 53. d5 Nf2
54. Be5 Ne4+ 55. Ke2 Bf6 56. d6 Rb4 57. Ke3 Rb3+ 58. Kd4 Nxd6 59. Kd5 Rd3+ 60.
Ke6 Bxe5 61. fxe5 Ne4 62. Kxf5 Ng3+ 63. Ke6 Kh6 64. Kf7 g5 65. e6 Nf5 66. Rc5
Rf3 67. Ke8 g4 68. e7 g3 69. Rc2 Re3 70. Kf7 Nxe7 71. Kf6 Nd5+ 72. Kf5 Kh5 73.
Rc8 Ne7+ 74. Kf4 Nxc8 75. Kxe3 Kg4 76. Ke2 Kh3 77. Kf1 Kh2 0-1

[Event "World Blitz Women 2017"]
[Site "Riyadh KSA"]
[Date "2017.12.30"]
[Round "20.31"]
[White "Gaponenko, Inna"]
[Black "Melia, Salome"]
[Result "1-0"]
[WhiteTitle "IM"]
[BlackTitle "IM"]
[WhiteElo "2435"]
[BlackElo "2404"]
[WhiteFideId "14101181"]
[BlackFideId "13602446"]
[EventDate "2017.12.29"]

1. e4 c5 2. Nf3 Nc6 3. c3 d5 4. exd5 Qxd5 5. d4 Bf5 6. Be2 cxd4 7. cxd4 Bxb1 8.
Rxb1 e6 9. a3 Nf6 10. O-O Be7 11. b4 O-O 12. Bb2 a6 13. Ne5 Nxe5 14. dxe5 Qxd1
15. Rfxd1 Nd5 16. Bf3 Rfd8 17. Rbc1 Rd7 18. g3 Rad8 19. Bxd5 exd5 20. Bd4 Re8
21. f4 a5 22. Bc5 Bd8 23. b5 f6 24. Bd6 fxe5 25. fxe5 Bg5 26. Rc3 Kf7 27. Rxd5
Ke6 28. Rdc5 Bd2 29. Rf3 h5 30. Kf2 Rh8 31. Ke2 Bg5 32. Rc7 Rxc7 33. Bxc7 a4 34.
Rd3 Be7 35. Bd6 Rc8 36. Bxe7 Kxe7 37. Kd2 Rc5 38. b6 Rxe5 39. Rc3 Rd5+ 40. Ke3
Rb5 41. Rc7+ Kf6 42. Rxb7 Rb3+ 43. Ke4 Rxa3 44. Ra7 Rb3 45. b7 a3 46. Kd5 g5 47.
Kc6 Rc3+ 48. Kd7 Rb3 49. Kc8 Rc3+ 50. Kb8 Kf5 51. Ra4 Rb3 52. Ka8 h4 53. gxh4
gxh4 54. b8=Q Rxb8+ 55. Kxb8 1-0

[Event "World Blitz Women 2017"]
[Site "Riyadh KSA"]
[Date "2017.12.30"]
[Round "20.32"]
[White "Hoolt, Sarah"]
[Black "Sedina, Elena"]
[Result "1/2-1/2"]
[WhiteTitle "WGM"]
[BlackTitle "IM"]
[WhiteElo "2405"]
[BlackElo "2312"]
[WhiteFideId "24606812"]
[BlackFideId "812153"]
[EventDate "2017.12.29"]

1. e4 Nf6 2. e5 Nd5 3. c4 Nb6 4. d4 d6 5. exd6 exd6 6. Bd3 Nc6 7. Ne2 Be7 8.
Nbc3 Bg4 9. f3 Bh5 10. O-O O-O 11. b3 Bg6 12. Bb2 Bxd3 13. Qxd3 Bf6 14. Ne4 d5
15. Nxf6+ Qxf6 16. c5 Nd7 17. Ng3 Nxc5 18. Qb5 Ne6 19. Qxb7 Nexd4 20. Rf2 Qd6
21. Rd1 Rab8 22. Qa6 Rb6 23. Qf1 Ne6 24. Nf5 Qd7 25. Qd3 d4 26. Qe4 Nc5 27. Qg4
g6 28. Nh6+ Kg7 29. Bxd4+ Nxd4 30. Rxd4 Qxg4 31. Nxg4 h5 32. Ne5 Re8 33. f4 Rd6
34. Rfd2 Rxd4 35. Rxd4 f6 36. Nd7 Ne6 37. Re4 Kf7 38. Rc4 Rd8 39. Nc5 Rd1+ 40.
Kf2 Rd2+ 41. Kf3 Rxa2 42. Nxe6 Kxe6 43. Rxc7 Rb2 44. Rc6+ Ke7 45. Rc7+ Ke6 46.
Rxa7 Rxb3+ 47. Kf2 Rb2+ 48. Kg3 Rb3+ 49. Kf2 Rb2+ 50. Kf3 Rb3+ 51. Ke4 Rb4+ 52.
Ke3 Rb3+ 1/2-1/2

[Event "World Blitz Women 2017"]
[Site "Riyadh KSA"]
[Date "2017.12.30"]
[Round "20.33"]
[White "Mamedjarova, Zeinab"]
[Black "Rapport, Jovana"]
[Result "1/2-1/2"]
[WhiteTitle "WGM"]
[BlackTitle "WGM"]
[WhiteElo "2363"]
[BlackElo "2299"]
[WhiteFideId "13401521"]
[BlackFideId "937266"]
[EventDate "2017.12.29"]

1. d4 e6 2. Nf3 f5 3. Nc3 Nf6 4. Bg5 Bb4 5. a3 Bxc3+ 6. bxc3 O-O 7. e3 b6 8. c4
Bb7 9. d5 Qe8 10. Bf4 d6 11. dxe6 Qxe6 12. Be2 Ne4 13. Qd3 Nd7 14. O-O Ndc5 15.
Qd4 Qf7 16. Qb2 Qf6 17. Qxf6 Rxf6 18. h4 Nc3 19. Bd3 Nxd3 20. cxd3 Ne2+ 21. Kh2
Nxf4 22. exf4 Bxf3 23. gxf3 Re6 24. d4 Rae8 25. Rac1 Re2 26. c5 dxc5 27. dxc5 b5
28. c6 a6 29. Rc5 g6 30. a4 Rb2 31. axb5 axb5 32. h5 Kg7 33. hxg6 hxg6 34. Kg3
b4 35. Rd5 Re7 36. Rfd1 b3 37. Rd7 Re2 38. R1d2 Kf6 39. Rxe2 Rxe2 40. Rxc7 b2
41. Rb7 Rc2 42. c7 Rc1 43. Rb6+ Kg7 44. Rb7 Kh6 45. Rxb2 Rxc7 46. Rb1 Rc2 47.
Rh1+ Kg7 48. Rf1 Ra2 49. Kh4 Ra8 50. Kg3 Ra2 51. Kh4 Ra8 52. Kg3 Ra2 53. Kh4 Ra8 1/2-1/2

[Event "World Blitz Women 2017"]
[Site "Riyadh KSA"]
[Date "2017.12.30"]
[Round "20.35"]
[White "Shuvalova, Polina"]
[Black "Zozulia, Anna"]
[Result "1-0"]
[WhiteTitle "WIM"]
[BlackTitle "IM"]
[WhiteElo "2385"]
[BlackElo "2316"]
[WhiteFideId "24171760"]
[BlackFideId "14102110"]
[EventDate "2017.12.29"]

1. d4 g6 2. e4 Bg7 3. Nc3 d6 4. f4 c5 5. dxc5 Qa5 6. cxd6 Nc6 7. Bd3 exd6 8. Bd2
Nf6 9. Nf3 O-O 10. O-O Qb6+ 11. Kh1 Qxb2 12. Nb5 Ng4 13. c3 a6 14. Rb1 Qxa2 15.
Nxd6 Be6 16. Nxb7 Rab8 17. Qe2 Qa3 18. Bxa6 Qe7 19. h3 Nf6 20. Nd4 Bd7 21. e5
Nh5 22. Qf2 Na7 23. g4 Qa3 24. Ra1 Qb2 25. Rfb1 Ng3+ 26. Kg2 Ne4 27. Rxb2 Nxf2
28. Kxf2 Nc6 29. Rab1 Ra8 30. Bb5 Nxd4 31. cxd4 Be6 32. Bc6 Ra3 33. d5 Bc8 34.
d6 Rxh3 35. d7 Bxd7 36. Bxd7 h5 37. gxh5 Rxh5 38. Nd6 g5 39. Bg4 Rh4 40. Kg3 Rh6
41. Nf5 Rc6 42. Nxg7 Kxg7 43. fxg5 Rd8 44. Bf4 Rd3+ 45. Bf3 Rcc3 46. Rf2 Ra3 47.
Rb7 Rdc3 48. e6 1-0